Central Library OPAC University of Rajshahi

The principles of heredity / (Record no. 12158)

MARC details
000 -LEADER
fixed length control field 00872cam a22002772 4500
001 - CONTROL NUMBER
control field 12158
003 - CONTROL NUMBER IDENTIFIER
rucl marc code BD-RjUL
005 - DATE AND TIME OF LATEST TRANSACTION
control field 20211208235238.0
008 - FIXED-LENGTH DATA ELEMENTS--GENERAL INFORMATION
fixed length control field 140128s1957 maua 001 0 eng d
035 ## - SYSTEM CONTROL NUMBER
System control number (BD-RjUL)12207
-- OCLC ocm00418126 from D971028M
040 ## - CATALOGING SOURCE
Original cataloging agency DLC
Transcribing agency DLC
Modifying agency IAV
-- UKM
-- EQO
-- BD-RjUL
Language of cataloging eng
041 ## - LANGUAGE CODE
Language code of text/sound track or separate title eng
082 00 - DEWEY DECIMAL CLASSIFICATION NUMBER
Classification number 576.5
Author mark and year SNP 1957
100 1# - MAIN ENTRY--PERSONAL NAME
Personal name Snyder, Laurence H.
Fuller form of name (Laurence Hasbrouck),
Dates associated with a name 1901-1986
9 (RLIN) 37649
245 14 - TITLE STATEMENT
Title The principles of heredity /
Statement of responsibility, etc. by Laurence H. Snyder and Paul R. David.
250 ## - EDITION STATEMENT
Edition statement 5th ed.
260 ## - PUBLICATION, DISTRIBUTION, ETC. (IMPRINT)
Place of publication, distribution, etc. Boston :
Name of publisher, distributor, etc. Heath,
Date of publication, distribution, etc. 1957.
300 ## - PHYSICAL DESCRIPTION
Pagination xi, 507 p. :
Illustrations illus.
Size 25 cm.
504 ## - BIBLIOGRAPHY, ETC. NOTE
Bibliography, etc Includes index.
650 #0 - SUBJECT ADDED ENTRY--TOPICAL TERM
Topical term or geographic name as entry element Heredity.
9 (RLIN) 37650
Topical term or geographic name as entry element Genetics
9 (RLIN) 37651
700 1# - ADDED ENTRY--PERSONAL NAME
Personal name David, Paul R.
Fuller form of name (Paul Rembert),
Dates associated with a name 1907-1984.
942 ## - ADDED ENTRY ELEMENTS (KOHA)
Source of classification or shelving scheme Dewey Decimal Classification
Koha item type Books
Holdings
Lost status Source of classification or shelving scheme Damaged status Not for loan Collection code Permanent Location Current Location Shelving location Date acquired Source of acquisition Cost, normal purchase price Total Checkouts Full call number Date last seen Copy number Koha item type
  Dewey Decimal Classification     Non-fiction Central Library, University of Rajshahi Central Library, University of Rajshahi   01/08/1968 Swets and Zeitlinger 71.00   576.5 SNP 1957 28/01/2014 C-2 Books
  Dewey Decimal Classification   Not For Loan Non-fiction Central Library, University of Rajshahi Central Library, University of Rajshahi Reading Room 01/08/1968 Swits and Zeitliner 71.00   576.5 SNP 1957 21/05/2017 C-1 Books
  Dewey Decimal Classification     Non-fiction Central Library, University of Rajshahi Central Library, University of Rajshahi   01/08/1968 Sweets & Zeitlinger 71.00   576.5 SNP 1957 22/10/2018 C-3 Books
  Dewey Decimal Classification     Non-fiction Central Library, University of Rajshahi Central Library, University of Rajshahi   01/08/1968 Sweets & Zeitlinger 71.00   576.5 SNP 1957 22/10/2018 C-4 Books
  Dewey Decimal Classification     Non-fiction Central Library, University of Rajshahi Central Library, University of Rajshahi   01/08/1968 Sweets & Zeitlinger 71.00   576.5 SNP 1957 22/10/2018 C-5 Books
  Dewey Decimal Classification     Non-fiction Central Library, University of Rajshahi Central Library, University of Rajshahi   01/08/1968 Sweets & Zeitlinger 71.00   576.5 SNP 1957 27/10/2018 C-6 Books
  Dewey Decimal Classification     Non-fiction Central Library, University of Rajshahi Central Library, University of Rajshahi   01/08/1968 Sweets & Zeitlinger 71.00   576.5 SNP 1957 27/10/2018 C-7 Books
  Dewey Decimal Classification     Non-fiction Central Library, University of Rajshahi Central Library, University of Rajshahi   01/08/1968 Sweets & Zeitlinger 71.00   576.5 SNP 1957 27/10/2018 C-9 Books
  Dewey Decimal Classification     Non-fiction Central Library, University of Rajshahi Central Library, University of Rajshahi   01/08/1968 Sweets & Zeitlinger 71.00   576.5 SNP 1957 27/10/2018 C-10 Books
  Dewey Decimal Classification     Non-fiction Central Library, University of Rajshahi Central Library, University of Rajshahi   01/08/1968 Sweets & Zeitlinger 71.00   576.5 SNP 1957 27/10/2018 C-8 Books
  Dewey Decimal Classification     Non-fiction Central Library, University of Rajshahi Central Library, University of Rajshahi   01/08/1968 Sweets & Zeitlinger 71.00   576.5 SNP 1957 13/11/2018 C-11 Books
  Dewey Decimal Classification   Not For Loan Non-fiction Central Library, University of Rajshahi Central Library, University of Rajshahi   01/08/1968 Zeitlinger 71.00   576.5 SNP 1957 28/11/2018 C-12 Books
  Dewey Decimal Classification     Non-fiction Central Library, University of Rajshahi Central Library, University of Rajshahi   01/08/1968 Swets & zeitlinger 71.00   576.5 SNP 1957 24/12/2018 C-13 Books
  Dewey Decimal Classification     Non-fiction Central Library, University of Rajshahi Central Library, University of Rajshahi   01/08/1968 Swets & zeitlinger 71.00   576.5 SNP 1957 14/01/2019 C-14 Books